Grandes esperanzas (Record no. 120893)
[ view plain ]
| 000 -CABECERA | |
|---|---|
| campo de control de longitud fija | 02585ngm a22004457a 4500 |
| 005 - FECHA Y HORA DE LA ÚLTIMA TRANSACCIÓN | |
| campo de control | 20160919124340.0 |
| 007 - CAMPO FIJO DE DESCRIPCIÓN FÍSICA--INFORMACIÓN GENERAL | |
| campo de control de longitud fija | vd cvairk |
| 008 - DATOS DE LONGITUD FIJA--INFORMACIÓN GENERAL | |
| campo de control de longitud fija | 1609 t2004 mx 111|d |||| s0| vleng d |
| 050 04 - SIGNATURA TOPOGRÁFICA DE LA BIBLIOTECA DEL CONGRESO | |
| Número de clasificación | PN1995.9.P34 |
| Número de documento/Ítem | G73 2004 |
| 245 00 - MENCIÓN DE TÍTULO | |
| Título | Grandes esperanzas |
| Mención de responsabilidad, etc. | Twentieth Century Fox ; director, Alfonso Cuarón ; escritor, Mitch Glazer ; productor, Art Linson. |
| Medio | [videograbación] / |
| 260 ## - PUBLICACIÓN, DISTRIBUCIÓN, ETC. (PIE DE IMPRENTA) | |
| Lugar de publicación, distribución, etc. | México : |
| Nombre del editor, distribuidor, etc. | Twentieth century fox home entertainment, |
| Fecha de publicación, distribución, etc. | 2004 |
| 300 ## - DESCRIPCIÓN FÍSICA | |
| Extensión | 1 videodisco : |
| Otras características físicas | son., col., |
| Dimensiones | 4 3/4 plg. |
| 306 ## - TIEMPO DE REPRODUCCIÓN/DURACIÓN | |
| Tiempo de reproducción/duración | 000111 |
| 500 ## - NOTA GENERAL | |
| Nota general | Basada en la obra de Charles Dickens |
| 508 ## - NOTA DE CRÉDITOS DE CREACIÓN O PRODUCCIÓN | |
| Nota de créditos de creación o producción | Música de Patrick Doyle ; co-producción John Linson ; edición Steven Weisberg ; dirección de fotografía Emmanuel Lubezki ; diseño de producciónTony Burrough ; producción ejecutiva Deborah Lee. |
| 511 1# - NOTA DE PARTICIPANTES O INTÉRPRETES | |
| Nota de participantes o intérpretes | Ethan Hawke, Gwyeneth Paltrow, Anne Bancroft, Hank Azaria, Chris Cooper, Robert De Niro. |
| 520 ## - SUMARIO, ETC. | |
| Sumario, etc. | Desde el primer momento en que los ojos del joven Finn ven a Estella, ella se convierte en su inspiración y en su obsesión. A pesar de ser advertido de que ella sólo rompería su corazón, él se promete ganar su amor. Años más tarde, gracias a un misterioso benefactor, Finn, que aspira a ser artista, viaja a Nueva York, donde se reencuentra con la fría y bella Estella. Cuando ella accede a posar para él, las más grandes esperanzas de Finn finalmente podrían hacerse realidad junto con sus más oscuros temores. |
| 521 ## - NOTA DE PÚBLICO DESTINATARIO | |
| Nota de público destinatario | Clasificación "B" |
| 538 ## - NOTA DE DETALLES DEL SISTEMA | |
| Nota de detalles del sistema | NTSC, presentado en 2.35:1, versión widescreen 16:9, región 4, DVD9: doble densidad, faz única la transición de un nivel a otro, puede causar una ligera pausa. |
| 546 ## - NOTA DE LENGUA/LENGUAJE | |
| Nota de lengua/lenguaje | En inglés, español y portugués con subtítulos en inglés, español y portugués. |
| 650 04 - PUNTO DE ACCESO ADICIONAL DE MATERIA--TÉRMINO DE MATERIA | |
| Término de materia o nombre geográfico como elemento inicial | Amor, |
| Subdivisión de forma | Drama |
| 650 04 - PUNTO DE ACCESO ADICIONAL DE MATERIA--TÉRMINO DE MATERIA | |
| Término de materia o nombre geográfico como elemento inicial | Juegos pasionales, |
| Subdivisión de forma | Drama |
| 700 1# - PUNTO DE ACCESO ADICIONAL--NOMBRE DE PERSONA | |
| Nombre de persona | Cuarón, Alfonso |
| Término indicativo de función/relación | director. |
| 700 1# - PUNTO DE ACCESO ADICIONAL--NOMBRE DE PERSONA | |
| Nombre de persona | Glazer, Mitch, |
| Término indicativo de función/relación | escritor. |
| 700 1# - PUNTO DE ACCESO ADICIONAL--NOMBRE DE PERSONA | |
| Nombre de persona | Linson, Art , |
| Término indicativo de función/relación | productor |
| 700 1# - PUNTO DE ACCESO ADICIONAL--NOMBRE DE PERSONA | |
| Nombre de persona | Dickens, Charles, |
| Término indicativo de función/relación | Escritor de la nóvela |
| 700 1# - PUNTO DE ACCESO ADICIONAL--NOMBRE DE PERSONA | |
| Nombre de persona | Doyle, Patrick, |
| Término indicativo de función/relación | Músico |
| 700 1# - PUNTO DE ACCESO ADICIONAL--NOMBRE DE PERSONA | |
| Nombre de persona | Linson, John, |
| Término indicativo de función/relación | co-producción |
| 700 1# - PUNTO DE ACCESO ADICIONAL--NOMBRE DE PERSONA | |
| Nombre de persona | Weisberg, Steven, |
| Término indicativo de función/relación | edición |
| 700 1# - PUNTO DE ACCESO ADICIONAL--NOMBRE DE PERSONA | |
| Nombre de persona | Lubezki, Emmanuel, |
| Término indicativo de función/relación | dirección de fotografía |
| Código de función/relación | |
| 700 1# - PUNTO DE ACCESO ADICIONAL--NOMBRE DE PERSONA | |
| Nombre de persona | Burrough, Tony, |
| Término indicativo de función/relación | diseño de producción |
| 700 1# - PUNTO DE ACCESO ADICIONAL--NOMBRE DE PERSONA | |
| Nombre de persona | Hawke, Ethan, |
| Término indicativo de función/relación | actor |
| 700 1# - PUNTO DE ACCESO ADICIONAL--NOMBRE DE PERSONA | |
| Nombre de persona | Paltrow, Gwyeneth, |
| Término indicativo de función/relación | actríz |
| 700 1# - PUNTO DE ACCESO ADICIONAL--NOMBRE DE PERSONA | |
| Nombre de persona | Bancroft, Anne, |
| Término indicativo de función/relación | actríz |
| 700 1# - PUNTO DE ACCESO ADICIONAL--NOMBRE DE PERSONA | |
| Nombre de persona | Azaria, Hank, |
| Término indicativo de función/relación | actor |
| 700 1# - PUNTO DE ACCESO ADICIONAL--NOMBRE DE PERSONA | |
| Nombre de persona | Cooper, Chris, |
| Término indicativo de función/relación | actor |
| 700 1# - PUNTO DE ACCESO ADICIONAL--NOMBRE DE PERSONA | |
| Nombre de persona | De Niro, Robert, |
| Término indicativo de función/relación | actor |
| 710 2# - PUNTO DE ACCESO ADICIONAL--NOMBRE DE ENTIDAD CORPORATIVA | |
| Nombre de entidad corporativa o nombre de jurisdicción como elemento de entrada | Twentieth Century Home Entertainment, (México) |
| 942 ## - ELEMENTOS DE PUNTO DE ACCESO ADICIONAL (KOHA) | |
| Fuente del sistema de clasificación o colocación | Biblioteca del Cogreso de los Estados Unidos |
| Tipo de ítem Koha | Película |
| Estado de retiro | Estado de pérdida | Fuente del sistema de clasificación o colocación | Estado dañado | No para préstamo | Localización permanente | Ubicación/localización actual | Ubicación en estantería | Fecha de adquisición | Enumeración/cronología de publicación seriada | Signatura topográfica completa | Código de barras | Fecha visto por última vez | Número de copia | Precio válido a partir de | Tipo de ítem Koha |
|---|---|---|---|---|---|---|---|---|---|---|---|---|---|---|---|
| Biblioteca del Cogreso de los Estados Unidos | Biblioteca de la Facultad de Psicología | Biblioteca de la Facultad de Psicología | Material Audiovisual | 19/09/2016 | VBFP000206 | PN1995.9.P34 G73 2004 | VBFP000206 | 19/09/2016 | 1 | 19/09/2016 | Película |